Gökten düşen şeyler / (Kayıt no. 7345)
[ düz görünüm ]
| 000 -LEADER | |
|---|---|
| fixed length control field | 00572nam a22001937a 4500 |
| 003 - CONTROL NUMBER IDENTIFIER | |
| control field | KOHA_MİRAKIL |
| 005 - DATE AND TIME OF LATEST TRANSACTION | |
| control field | 20241003053912.0 |
| 008 - FIXED-LENGTH DATA ELEMENTS--GENERAL INFORMATION | |
| fixed length control field | 241002b2021 tu ||||| |||| 00| 0 tur d |
| 020 ## - INTERNATIONAL STANDARD BOOK NUMBER | |
| International Standard Book Number | 9786050837940 |
| 040 ## - CATALOGING SOURCE | |
| Original cataloging agency | TR-AnABB |
| Language of cataloging | tur |
| Transcribing agency | TR-AnABB |
| 041 ## - LANGUAGE CODE | |
| Language code of text/sound track or separate title | tur |
| 082 ## - DEWEY DECIMAL CLASSIFICATION NUMBER | |
| Classification number | 894.5413 |
| Item number | AHA 2021 |
| 100 1# - MAIN ENTRY--PERSONAL NAME | |
| Personal name | Ahava, Selja |
| 9 (RLIN) | 808 |
| 245 10 - TITLE STATEMENT | |
| Title | Gökten düşen şeyler / |
| Statement of responsibility, etc. | Selja Ahava ; çeviren : Özge Acıoğlu. |
| 260 ## - PUBLICATION, DISTRIBUTION, ETC. | |
| Place of publication, distribution, etc. | İstanbul : |
| Name of publisher, distributor, etc. | Timaş Yayınları, |
| Date of publication, distribution, etc. | 2021. |
| 300 ## - PHYSICAL DESCRIPTION | |
| Extent | 222 sayfa ; |
| Dimensions | 20 cm. |
| 650 ## - SUBJECT ADDED ENTRY--TOPICAL TERM | |
| Topical term or geographic name entry element | Finlandiya edebiyatı, roman |
| 9 (RLIN) | 809 |
| 942 ## - ADDED ENTRY ELEMENTS (KOHA) | |
| Source of classification or shelving scheme | Dewey Decimal Classification |
| Koha item type | Kitap |
| 900 ## - EQUIVALENCE OR CROSS-REFERENCE-PERSONAL NAME [LOCAL, CANADA] | |
| Numeration | Can Çelik |
| Withdrawn status | Lost status | Source of classification or shelving scheme | Damaged status | Not for loan | Home library | Current library | Date acquired | Source of acquisition | Total checkouts | Full call number | Barcode | Date last seen | Price effective from | Koha item type |
|---|---|---|---|---|---|---|---|---|---|---|---|---|---|---|
| Dewey Decimal Classification | Büyükşehir Genç Akademi Batıkent | Büyükşehir Genç Akademi Batıkent | 14/10/2025 | 894.5413 AHA 2021 | ABB124831 | 14/10/2025 | 14/10/2025 | Kitap | ||||||
| Dewey Decimal Classification | Meteoroloji Çalışma İstasyonu | Meteoroloji Çalışma İstasyonu | 02/10/2024 | SATIN | 894.5413 AHA 2021 | ABB118717 | 03/10/2024 | 03/10/2024 | Kitap |
